<?xml version="1.0" encoding="UTF-8"?>
<collection xmlns="http://www.loc.gov/MARC21/slim">
 <record>
  <leader>00631cam a2200193 7i4500</leader>
  <controlfield tag="001">0000046932</controlfield>
  <controlfield tag="005">20100622090000.0</controlfield>
  <controlfield tag="008">100622                             eng  </controlfield>
  <datafield tag="020" ind1="#" ind2="0">
   <subfield code="a">0863884032 </subfield>
  </datafield>
  <datafield tag="090" ind1="0" ind2="0">
   <subfield code="a">RC 537 </subfield>
   <subfield code="b">.T6 2003</subfield>
  </datafield>
  <datafield tag="100" ind1="1" ind2="#">
   <subfield code="a">Tomlinson, Geoff </subfield>
  </datafield>
  <datafield tag="245" ind1="1" ind2="0">
   <subfield code="a">Depression : </subfield>
   <subfield code="b">a cognitive approach  </subfield>
   <subfield code="c">Geoff Tomlinson &amp; Dawn Slater.</subfield>
  </datafield>
  <datafield tag="260" ind1="#" ind2="#">
   <subfield code="a">Bicester: </subfield>
   <subfield code="b">Speechmark, </subfield>
   <subfield code="c">2003.</subfield>
  </datafield>
  <datafield tag="300" ind1="#" ind2="#">
   <subfield code="a">xv, 168 p.; </subfield>
   <subfield code="c">30 cm..</subfield>
  </datafield>
  <datafield tag="490" ind1="0" ind2="0">
   <subfield code="a">A Speechmark practical therapy manual</subfield>
  </datafield>
  <datafield tag="650" ind1="0" ind2="0">
   <subfield code="a">Cognitive therapy </subfield>
  </datafield>
  <datafield tag="650" ind1="0" ind2="0">
   <subfield code="a">Depression, Mental -- </subfield>
   <subfield code="x">Treatment </subfield>
  </datafield>
  <datafield tag="700" ind1="1" ind2="1">
   <subfield code="a">Slater, Dawn </subfield>
  </datafield>
  <datafield tag="999" ind1=" " ind2=" ">
   <subfield code="a">1100038049</subfield>
   <subfield code="b">Book</subfield>
   <subfield code="c">Open Shelf</subfield>
   <subfield code="e">KOLEKSI TERBUKA</subfield>
  </datafield>
 </record>
</collection>
